000
00239 a2200109 4500
001
8692
090
_c
7007
_d
7007
100
_a
Keiser,G
245
_a
Optical fiber communications, 2/e
250
_a
2
260
_b
Mc Graw Hill
_c
1991
942
_a
NUST-CAE
_k
621.380414 KEI
999
_c
243765
_d
243765